Royals: Spanische Königsfamilie - Statistiken

Allgemein
  • Dieses Quiz wurde 36 mal gespielt
  • Das Durchschnittsergebnis liegt bei 6 aus 8
Antwortstatistiken
Bildquiz Antwort % Korrekt
König {Felipe}
93%
Königin {Letizia}
90%
Königin {Sofia}
87%
Prinzessin {Leonor}
87%
Prinzessin {Sofia}
87%
König {Juan} {Carlos}
73%
Prinzessin {Cristina}
50%
Prinzessin {Elena}
40%
Keine übereinstimmenden Quizze gefunden
Verteilung der Resultate
Anzahl Personen mit jedem Resultat
Perzentil nach korrekt beantworteten Fragen
Ihre Resultats-Entwicklung
Sie haben dieses Quiz noch nicht gespielt